| 000 | 00533nam a22001817a 4500 | ||
|---|---|---|---|
| 999 |
_c187649 _d187649 |
||
| 005 | 20220427114232.0 | ||
| 010 | _aENG-132411 | ||
| 020 |
_a9788192557342 _c500.00 |
||
| 035 | _aEN-115943 | ||
| 037 | _bDBAD/PUB | ||
| 082 | _a796.3342 | ||
| 100 | _aChandra, Amitabh | ||
| 245 |
_aThe Soccer Book/ _cAmitabh Chandra |
||
| 260 |
_aNew Delhi _bPawan Publication _c2016 |
||
| 270 |
_aH- 1/48, Bengali Colony Mahaveer Enclave _bNew Delhi _e110045 |
||
| 300 |
_av, 152p. _c22cm(hbk) |
||
| 942 |
_2ddc _cEN _h796.3342 _mCHA |
||